Ученые записки. Т. 4: Белая армия на Урале (Запись № 12649858)
[ простой вид ]
| 000 -МАРКЕР | |
|---|---|
| контрольное поле | 01530nam2a2200313 4500 |
| 001 - ИДЕНТИФИКАТОР ЗАПИСИ | |
| контрольное поле | RU\NLR\BIBL_A\012922936 |
| 005 - ИДЕНТИФИКАТОР ВЕРСИИ | |
| контрольное поле | 20250624225650.0 |
| 010 ## - МЕЖДУНАРОДНЫЙ СТАНДАРТНЫЙ НОМЕР КНИГИ (ISBN) | |
| Номер (ISBN) | 978-5-7525-1868-7 |
| Тираж | 500 |
| 035 ## - ДРУГИЕ СИСТЕМНЫЕ НОМЕРА | |
| Идентификатор записи | (NLR Aleph) 012922936 |
| 100 ## - ДАННЫЕ ОБЩЕЙ ОБРАБОТКИ | |
| Данные общей обработки | 20221027d2008 |||y0rusy50 ca |
| 101 0# - ЯЗЫК РЕСУРСА | |
| Язык текста, звукозаписи и т.д. | русский |
| 102 ## - СТРАНА ПУБЛИКАЦИИ ИЛИ ПРОИЗВОДСТВА | |
| Страна публикации | Российская Федерация |
| 200 1# - ЗАГЛАВИЕ И СВЕДЕНИЯ ОБ ОТВЕТСТВЕННОСТИ | |
| Основное заглавие | Белая армия на Урале |
| Сведения, относящиеся к заглавию | исторические справки частей и соединений |
| Первые сведения об ответственности | В.В. Дублённых |
| 210 ## - ПУБЛИКАЦИЯ, РАСПРОСТРАНЕНИЕ И ДР. | |
| Дата издания, распространения и т.д. | 2008 |
| Место издания, распространения и т.д. | Б. м. |
| 215 ## - ФИЗИЧЕСКАЯ ХАРАКТЕРИСТИКА | |
| Специфическое обозначение материала и объем | 382, [2] с. |
| Размеры | 20 |
| 320 ## - ПРИМЕЧАНИЯ О НАЛИЧИИ В ДОКУМЕНТЕ БИБЛИОГРАФИИ / УКАЗАТЕЛЯ | |
| Текст примечания | Библиогр. в конце ст. |
| 461 #0 - УРОВЕНЬ НАБОРА | |
| Встроенное поле | 001RU\NLR\INFOCOMM10\1000316058 |
| -- | 2001#$aУченые записки$fСвердл. обл. краевед. музей$vТ. 4 |
| Системный номер (АБИС) связанной записи | 4480863 |
| Автор | Свердловский областной краеведческий музей (Екатеринбург) |
| Место публикации | Екатеринбург |
| Дата публикации | 1996 - |
| Первые сведения об ответственности | Свердл. обл. краевед. музей |
| Имя издателя, распространителя и т.д. | Банк. культур. информ. |
| Заглавие | Ученые записки |
| Номер тома | Т. 4 |
| 606 1# - НАИМЕНОВАНИЕ ТЕМЫ КАК ПРЕДМЕТ | |
| Наименование темы | Гражданская война и военная интервенция в России |
| Географический подзаголовок | Урал |
| Хронологический подзаголовок | 1918 - 1920 |
| Системный номер авторитетной/нормативной записи | 2512542 |
| Идентификатор авторитетной/нормативной записи | RU\NLR\AUTH\661489357 |
| 606 1# - НАИМЕНОВАНИЕ ТЕМЫ КАК ПРЕДМЕТ | |
| Наименование темы | Белые армии |
| Системный номер авторитетной/нормативной записи | 2099242 |
| Идентификатор авторитетной/нормативной записи | RU\NLR\AUTH\661269810 |
| 686 1# - ИНДЕКСЫ ДРУГИХ КЛАССИФИКАЦИЙ | |
| Индекс | Т3(2)712.9-9(2Р36) |
| 686 1# - ИНДЕКСЫ ДРУГИХ КЛАССИФИКАЦИЙ | |
| Индекс | Ц35(2)712.271-4,2 |
| 686 1# - ИНДЕКСЫ ДРУГИХ КЛАССИФИКАЦИЙ | |
| Индекс | Ц35(2)712.311-4,2 |
| 700 #1 - ИМЯ ЛИЦА - ПЕРВИЧНАЯ ОТВЕТСТВЕННОСТЬ | |
| Начальный элемент ввода | Дублённых |
| Часть имени, кроме начального элемента ввода | В. В. |
| Расширение инициалов личного имени | Виктор Васильевич |
| 852 ## - МЕСТОНАХОЖДЕНИЕ И ШИФР ХРАНЕНИЯ | |
| Идентификатор организации | NLR |
| Шифр хранения (Call Number) | П19/283 |
| 942 ## - ДОПОЛНИТЕЛЬНЫЕ ЭЛЕМЕНТЫ ЗАПИСИ (АБИС) | |
| Тип экземпляра АБИС | Выпуск |
| 980 ## - КОЛЛЕКЦИЯ | |
| Название коллекции | Национальная библиография |
| 980 ## - КОЛЛЕКЦИЯ | |
| Название коллекции | Русская периодика |
Нет доступных экземпляров.